00481nam a2200181 a 4500001001300000003000900013005001700022008004100039020000900080082001800089100002700107245002700134260005200161300000800213500003500221650001600256700002700272nice12345678IN_TiNIC20260116014842.0080609s2004 mora grp 000 0 urd  ac1500a891,4391bAAS aAasi, Syed Mohd Husain aImamiya Manzoom Aqaaid aMoradabad bAl-Muntazar Saqaafati Markaz c2004 a48p aincludes index and biblioraphy aPoetry-Shia1 aAasi, Syed Mohd Husain